Cuba, las estructuras del poder : (Registro nro. 22058)
[ vista simple ]
| 000 -CABECERA | |
|---|---|
| campo de control de longitud fija | 00646nam a2200205 a 4500 |
| 001 - NÚMERO DE CONTROL | |
| campo de control | 000022561 |
| 005 - FECHA Y HORA DE LA ÚLTIMA TRANSACCIÓN | |
| campo de control | 20200930021656.0 |
| 008 - DATOS DE LONGITUD FIJA--INFORMACIÓN GENERAL | |
| campo de control de longitud fija | 101013s1989 xxua 000 0 spa d |
| 020 ## - NÚMERO INTERNACIONAL ESTÁNDAR DEL LIBRO | |
| Número Internacional Estándar del Libro | 089729551X |
| 040 ## - FUENTE DE LA CATALOGACIÓN | |
| Centro catalogador/agencia de origen | DO-SdBNP |
| Lengua de catalogación | spa |
| Centro/agencia transcriptor | BNPHU |
| 082 ## - NÚMERO DE LA CLASIFICACIÓN DECIMAL DEWEY | |
| Número de clasificación | xxxx |
| Número de documento/Ítem | S211c |
| 049 ## - FONDOS LOCALES (OCLC) | |
| Fondos de biblioteca | BNPD |
| 100 1# - ENTRADA PRINCIPAL--NOMBRE DE PERSONA | |
| Nombre de persona | Sánchez Pérez, Manuel |
| 9 (RLIN) | 46437 |
| 245 10 - MENCIÓN DE TÍTULO | |
| Título | Cuba, las estructuras del poder : |
| Resto del título | la élite / |
| Mención de responsabilidad, etc. | Manuel Sánchez Pérez. |
| 260 ## - PUBLICACIÓN, DISTRIBUCIÓN, ETC. | |
| Lugar de publicación, distribución, etc. | Miami, Florida : |
| Nombre del editor, distribuidor, etc. | Ediciones Universal, |
| Fecha de publicación, distribución, etc. | 1989. |
| 300 ## - DESCRIPCIÓN FÍSICA | |
| Extensión | xi, 255 p. : |
| Otras características físicas | il. ; |
| Dimensiones | 26 cm. |
| 490 1# - MENCIÓN DE SERIE | |
| Mención de serie | Cuba y sus jueces |
| 500 ## - NOTA GENERAL | |
| Nota general | Incluye índice de fichas bibliográficas |
| 830 #0 - PUNTO DE ACCESO ADICIONAL DE SERIE-TÍTULO UNIFORME | |
| Título uniforme | Cuba y sus jueces |
| 9 (RLIN) | 20653 |
| Estado de retiro | Estado de pérdida | Restricciones de uso | No para préstamo | Código de colección | Localización permanente | Ubicación/localización actual | Ubicación en estantería | Fecha de adquisición | Número de inventario | Total de préstamos | Signatura topográfica completa | Código de barras | Fecha visto por última vez | Precio válido a partir de | Tipo de ítem Koha |
|---|---|---|---|---|---|---|---|---|---|---|---|---|---|---|---|
| Excluido de préstamo | Monografías: Libros y Folletos | General | General | En catalogación | 13.10.2010 | LF1 | xxxx S211c | 22561-10 | 25.06.2020 | 25.06.2020 | No se presta |
